000 01133cam a2200409 4500
001 ABS66132
008 021127n2002 000 0 eng u
035 _a(Sirsi) u120589
245 _aInternational supplement: Gulf states/central and eastern Europe
260 _c2002
490 _aProperty Week
_v67(44) November 2002, LOAN
590 _aABS
650 _aCENTRAL EUROPE
650 _aEASTERN EUROPE
650 _aPRAGUE
650 _aMOSCOW
650 _aWARSAW
650 _aBUDAPEST
650 _aPROPERTY-COMMERCIAL PROPERTY-OFFICE PROPERTY-OFFICE PROPERTY MARKET
650 _aPROPERTY INVESTMENT
650 _aCOMMERCIAL RENTS
650 _aECONOMY
650 _aPROPERTY-COMMERCIAL PROPERTY-RETAIL PROPERTY-RETAIL PROPERTY MARKET
650 _aPOLAND
650 _aDEVELOPMENT
650 _aHUNGARY
650 _aSAUDI ARABIA
650 _aGULF WAR
650 _aPROPERTY DEVELOPMENT
650 _aKUWAIT
650 _aOIL INDUSTRY
650 _aQATAR
650 _aOMAN
650 _aBAHRAIN
690 _aPROPERTY-COMMERCIAL PROPERTY-COMMERCIAL PROPERTY MARKET
942 _n0
999 _c71646
_d71646